Disney Animated Movies: The Wartime Era - Statistics

General Stats
  • This quiz has been taken 66 times
  • The average score is 5 of 6
Answer Stats
Year Film % Correct
1943 Saludos Amigos
100%
1947 Fun and Fancy Free
88%
1945 The Three Caballeros
88%
1946 Make Mine Music
79%
1948 Melody Time
79%
1949 The Adventures of Ichabod and Mr. Toad
79%
No matching quizzes found
Score Distribution
Percent of People with Each Score
Percentile by Number Answered
Your Score History
You have not taken this quiz